01309nam a2200349Ia 4500001001200000003000800012006001900020007001500039008004100054010001700095020002500112020001800137020002200155040002100177035002100198050002300219082001700242082001700259082001700276100002500293245007000318260005700388300002300445504006400468533015200532650002400684650003200708655002900740710001700769710004700786856012600833ebr10618664CaPaEBRm u cr cn|||||||||080328s2008 enka sb 001 0 eng d z 2008426873 z9780854041367 (hbk.) z9781847558329 z0854041362 (hbk.) aCaPaEBRcCaPaEBR a(OCoLC)31951810314aQR84b.H238 2008eb04a572.429522204a589.204122204a572/.2952221 aHanson, James Ralph.14aThe chemistry of fungih[electronic resource] /cJames R. Hanson. aCambridge, UK :bRoyal Society of Chemistry,cc2008. axi, 221 p. :bill. aIncludes bibliographical references (p. 190-203) and index. aElectronic reproduction.bPalo Alto, Calif. :cebrary,d2011.nAvailable via World Wide Web.nAccess may be limited to ebrary affiliated libraries. 0aFungal metabolites. 0aMicroorganismsxPhysiology. 7aElectronic books.2local2 aebrary, Inc.2 aRoyal Society of Chemistry (Great Britain)40uhttp://site.ebrary.com/lib/rucke/Doc?id=10618664zAn electronic book accessible through the World Wide Web; click to view